Business Mathematics and Statistics (Record no. 2384)

MARC details
000 -LEADER
fixed length control field 00447nam a22001697a 4500
005 - DATE AND TIME OF LATEST TRANSACTION
control field 20180531112216.0
008 - FIXED-LENGTH DATA ELEMENTS--GENERAL INFORMATION
fixed length control field 160611b xxu||||| |||| 00| 0 eng d
020 ## - INTERNATIONAL STANDARD BOOK NUMBER
ISBN 81-224-1433-8
041 ## - LANGUAGE CODE
Language code of text/sound track or separate title eng
082 ## - DEWEY DECIMAL CLASSIFICATION NUMBER
Item number 6814
Classification number 519.5
100 ## - MAIN ENTRY--AUTHOR NAME
Personal name Srinivasa, G. George, Deepa
245 ## - TITLE STATEMENT
Title Business Mathematics and Statistics
260 ## - PUBLICATION, DISTRIBUTION, ETC. (IMPRINT)
Place of publication New Delhi
Name of publisher New Age International Pvt. Ltd.
300 ## - PHYSICAL DESCRIPTION
Number of Pages 520
650 ## - SUBJECT ADDED ENTRY--TOPICAL TERM
Topical Term Management
942 ## - ADDED ENTRY ELEMENTS (KOHA)
Koha item type Books
Holdings
Lost status Damaged status Collection code Home library Current library Shelving location Date acquired Source of acquisition Full call number Accession Number Koha item type
    MANAGEMENT JRU Library JRU Library SHELF-74-B 11/06/2016 PURCHASE 519.5 6814 Books
    MANAGEMENT JRU Library JRU Library SHELF-75-A 11/06/2016 PURCHASE 519.5 6815 Books
    MANAGEMENT JRU Library JRU Library SHELF-75-A 11/06/2016 PURCHASE 519.5 6816 Books